Piłkarze Pogoni Siedlce - nagła śmierć - Statystyki

Ogólne statystyki
  • Ten quiz został rozwiązany 7 razy
  • Średni wynik to 9 z 20
Answers on the Grid
Answers color-coded by a green-red scale on the quiz's grid according to % correct below.
Patryk Tuszyński
Piotr Parzyszek
Dawid Pakulski
Pedro Tiba
Mateusz Żyro
Daniel Pik
Maciej Rosołek
Rafał Augustyniak
Maciej Sadlok
Maciej Wilusz
Jarosław Niezgoda
Krzysztof Piątek
Przemysław Płacheta
Kornel Osyra
Krzysztof Kamiński
Konrad Forenc
Maciej Kikolski
Karol Danielak
Oskar Repka
Arkadiusz Jędrych
John Yeboah
Seiya Kitano
Tomasz Wełna
Mateusz Bochnak
Jakub Łukowski
Dominik Kun
Jakub Bartkowski
Artur Boruc
Konrad Wrzesiński
Piotr Ceglarz
Frantisek Plach
Jan Grzesik
Dusan Lagator
David Jablonský
Marcin Flis
Damjan Bohar
Damian Dąbrowski
Albert Posiadała
Dawid Kocyła
Dominik Piła
 
Statystyki odpowiedzi
Odpowiedź % Poprawnych
Marcin Flis
86%
Artur Boruc
71%
Daniel Pik
71%
Dawid Pakulski
71%
Jarosław Niezgoda
57%
Maciej Kikolski
57%
Maciej Rosołek
57%
Tomasz Wełna
57%
Arkadiusz Jędrych
43%
Jan Grzesik
43%
Oskar Repka
43%
Piotr Ceglarz
43%
Rafał Augustyniak
43%
Albert Posiadała
29%
Dominik Kun
29%
Konrad Wrzesiński
29%
Krzysztof Kamiński
29%
Mateusz Bochnak
29%
Przemysław Płacheta
29%
Seiya Kitano
29%
Nie znaleziono quizów pasujących do podanych kryteriów
Rozkład punktacji
Procent ludzi z każdym wynikiem
Percentyl według liczby udzielonych odpowiedzi
Twoja historia wyników
Nie rozwiązałeś tego quizu